Blood hunt : a novel / Ian Rankin.
Available copies
- 2 of 2 copies available at LARL/NWRL Consortium.
- 1 of 1 copy available at Lake Agassiz Regional Library. (Show preferred library)
Current holds
0 current holds with 2 total copies.
Show Only Available Copies
| Location | Call Number / Copy Notes | Barcode | Shelving Location | Status | Due Date |
|---|---|---|---|---|---|
| Moorhead Public Library | RAN (Text) | 33500008123218 | Main | Available | - |
| Thief River Falls Public Library | RAN (Text) | 35500004109854 | Main | Available | - |
Record details
- ISBN: 0316009113
- Physical Description: 385 p. ; 25 cm.
- Edition: 1st American ed.
- Publisher: New York : Little, Brown and Co., 2006.
Search for related items by subject
| Subject: | Journalists > Crimes against > Fiction. Murder victims' families > Fiction. Brothers > Death > Fiction. |
| Genre: | Mystery fiction. |
| LDR | 01147cam a22003138a 4500 | ||
|---|---|---|---|
| 001 | 64911 | ||
| 003 | LARL_NWRL_CONSORTIUM | ||
| 005 | 20060105105800.0 | ||
| 008 | 050525r20061995nyu 000 1 eng | ||
| 010 | . | ‡a2005050419 | |
| 020 | . | ‡a0316009113 | |
| 035 | . | ‡a(OCoLC)60589215 | |
| 040 | . | ‡aDLC ‡cDLC ‡dOCLCQ ‡dBAKER | |
| 082 | 0 | 0. | ‡a823/.914 ‡222 |
| 100 | 1 | . | ‡aRankin, Ian. ‡0(LARL_NWRL_CONSORTIUM)153911 |
| 245 | 1 | 0. | ‡aBlood hunt : ‡ba novel / ‡cIan Rankin. |
| 250 | . | ‡a1st American ed. | |
| 260 | . | ‡aNew York : ‡bLittle, Brown and Co., ‡c2006. | |
| 300 | . | ‡a385 p. ; ‡c25 cm. | |
| 650 | 0. | ‡aJournalists ‡xCrimes against ‡vFiction. | |
| 650 | 0. | ‡aMurder victims' families ‡vFiction. ‡0(LARL_NWRL_CONSORTIUM)165978 | |
| 650 | 0. | ‡aBrothers ‡xDeath ‡vFiction. ‡0(LARL_NWRL_CONSORTIUM)163687 | |
| 655 | 7. | ‡aMystery fiction. ‡2gsafd | |
| 901 | . | ‡a64911 ‡bOCLC ‡c64911 ‡tbiblio | |

Add to basket
Permalink
Disable Highlighting